| 000 | 01085cam a22003377a 4500 | ||
|---|---|---|---|
| 003 | CHAP | ||
| 005 | 20220329140800.0 | ||
| 008 | 971013s1969 mx r 00010 spa d | ||
| 010 | _a57505 | ||
| 011 | _a58477 | ||
| 035 | _a62632 | ||
| 040 | _cCHAP | ||
| 090 | _aFolleto 10563 | ||
| 100 | 0 | 0 |
_aSoto Rosiles, Jorge. _9108913 |
| 245 | 1 | 3 | _aEl gusano bellotero del algodonero en Chiapas |
| 260 |
_aRosario Izapa, Chis. : _bIstituto Nacional de Investigaciones Agrícolas, _c1969 |
||
| 300 |
_a3 p. _b: ilus. |
||
| 490 | 0 |
_aCircular CIASE _v; 25 |
|
| 590 |
_aBATCH-UPD _b10 _c20130110 _lUCH01 _h1625 |
||
| 590 |
_aBATCH-UPD _b10 _c20130410 _lUCH01 _h1019 |
||
| 590 |
_aBATCH-UPD _b10 _c20130914 _lUCH01 _h0315 |
||
| 590 |
_aCONVERSION _b10 _c20130109 _lUCH01 _h1331 |
||
| 650 | 1 | 4 |
_aAlgodón _xChiapas. _93987 |
| 650 | 1 | 4 |
_aAlgodón _xPlagas. _94046 |
| 650 | 1 | 4 |
_aHeliothis. _953436 |
| 830 | 0 |
_aCircular CIASE _v; 25 _923374 |
|
| 901 | _aBK | ||
| 942 | _cFOLL | ||
| 949 |
_aFolleto 10563 _bBC _cFOLL _d-134206 _eTS1 _i62632 _si |
||
| 949 |
_aFolleto 10563 _bBC _cFOLL _d-134208 _eTS2 _fc.2 _i62632 _si |
||
| 999 |
_c57505 _d57505 |
||